Statistics for World Capitals - Type The First Letter - Quiz 10,000

Click here to take the quiz!

General Stats

  • This quiz has been taken 97 times
  • The average score is 15 of 20

Answers on the Map

Answers color-coded by a green-red scale on the quiz's map according to % correct below.
 

Answer Stats

capital% Correct
Accra
100%
Algiers
100%
Amman
100%
Andorra la Vella
100%
Ankara
100%
Baghdad
100%
Bamako
100%
Bandar Seri Begawan
100%
Bangkok
100%
Bangui
100%
Belmopan
100%
Berlin
100%
Bern
100%
Bogotá
100%
Brasília
100%
Bratislava
100%
Brazzaville
100%
Buenos Aires
100%
Canberra
100%
Djibouti
100%
Dublin
100%
Harare
100%
Havana
100%
Jerusalem
100%
Libreville
100%
Luxembourg
100%
Malabo
100%
Mexico City
100%
Moroni
100%
New Delhi
100%
Paris
100%
Port Vila
100%
Prague
100%
Praia
100%
Pretoria, Cape Town,
or Bloemfontein
100%
Reykjavík
100%
Santiago
100%
São Tomé
100%
Sarajevo
100%
Singapore
100%
South Tarawa
100%
Sri Jayawardenepura Kotte
100%
Stockholm
100%
Suva
100%
Ulaanbaatar
100%
Washington D.C.
100%
Yaoundé
100%
Bucharest
92%
Budapest
92%
Moscow
92%
La Paz or Sucre
91%
Lomé
90%
Panama City
90%
Sana'a
90%
Bishkek
89%
Luanda
89%
Astana
88%
Copenhagen
88%
Majuro
88%
Nassau
88%
Pyongyang
88%
Saint John's
88%
Antananarivo
86%
Athens
86%
Baku
86%
Dakar
86%
Lusaka
86%
Ottawa
86%
Rabat
86%
Rome / Vatican
86%
San José
86%
San Salvador
86%
Thimphu
86%
Tunis
86%
Beirut
83%
Belgrade
83%
Bissau
83%
Georgetown
83%
Helsinki
83%
Malé
83%
Warsaw
83%
Caracas
82%
Porto-Novo or Cotonou
82%
Valletta
82%
Amsterdam
80%
Ashgabat
80%
Banjul
80%
Basseterre
80%
Beijing
80%
Pristina
80%
Riyadh
80%
Seoul
80%
Tehran
80%
Tokyo
80%
Islamabad
78%
Riga
78%
Tbilisi
78%
Bridgetown
75%
Brussels
75%
Cairo
75%
Dodoma
75%
Kingston
75%
Kyiv
75%
Lima
75%
Lisbon
75%
London
75%
Madrid
75%
Ouagadougou
75%
Palikir
75%
Phnom Penh
75%
Podgorica
75%
Roseau
75%
Tallinn
75%
Windhoek
75%
Dili
73%
Damascus
71%
Dhaka
71%
Niamey
71%
Oslo
71%
Tripoli
71%
Vienna
71%
Muscat
70%
Abuja
67%
Apia
67%
Asmara
67%
Asunción
67%
Gaborone
67%
Kabul
67%
Kampala
67%
Kathmandu
67%
Kuwait City
67%
Managua
67%
Maseru
67%
N'Djamena
67%
Ngerulmud
67%
Quito
67%
San Marino
67%
Sofia
67%
Taipei
67%
Tegucigalpa
67%
Tashkent
64%
Kigali
63%
Nairobi
63%
Port-au-Prince
63%
Skopje
63%
Dushanbe
60%
Hanoi
60%
Lilongwe
60%
Ljubljana
60%
Minsk
60%
Monaco
60%
Naypyidaw
60%
Nukuʻalofa
60%
Saint George's
60%
Doha
57%
Juba
57%
Montevideo
57%
Paramaribo
56%
Tirana
56%
Addis Ababa
50%
Castries
50%
Chișinău
50%
Freetown
50%
Funafuti
50%
Gitega
50%
Guatemala City
50%
Honiara
50%
Kuala Lumpur
50%
Maputo
50%
Mogadishu
50%
Monrovia
50%
Nicosia
50%
Port Louis
50%
Port Moresby
50%
Victoria
50%
Vientiane
50%
Yamoussoukro
50%
Yaren
50%
Yerevan
50%
Zagreb
50%
Wellington
44%
Kinshasa
43%
Santo Domingo
43%
Jakarta
40%
Nouakchott
40%
Port-of-Spain
38%
Abu Dhabi
33%
Conakry
33%
Khartoum
33%
Mbabane
33%
Vaduz
33%
Kingstown
25%
Manama
0%
Manila
0%
Vilnius
0%

Score Distribution

Percentile by Number Answered

Percent of People with Each Score

Your Score History

You have not taken this quiz